山梨県の市町村(1960年) - Statistics

General Stats
  • This quiz has been taken 49 times
  • The average score is 54 of 64
Answer Stats
No. 市町村 備考 % Correct
1 甲府市
100%
2 富士吉田市
97%
5 山梨市
97%
7 韮崎市
97%
6 大月市
94%
30 南巨摩郡 身延町
94%
50 北巨摩郡 小淵沢町 2006年消滅
94%
58 南都留郡 河口湖町 2003年消滅
94%
62 北都留郡 上野原町 2005年消滅
94%
3 塩山市 2005年消滅
91%
4 都留市
91%
11 東山梨郡 勝沼町 2005年消滅
91%
12 東山梨郡 大和村 2005年消滅
91%
33 中巨摩郡 竜王町 2004年消滅
91%
48 北巨摩郡 長坂町 2004年消滅
91%
61 南都留郡 鳴沢村
91%
64 北都留郡 丹波山村
91%
13 東八代郡 石和町 2004年消滅
88%
21 西八代郡 上九一色村 2006年消滅
88%
29 南巨摩郡 早川町
88%
31 南巨摩郡 南部町
88%
55 南都留郡 西桂町
88%
63 北都留郡 小菅村
88%
23 西八代郡 市川大門町 2005年消滅
85%
36 中巨摩郡 昭和村 1971年昇格
85%
46 北巨摩郡 須玉町 1990年改称
85%
51 北巨摩郡 白州町 2004年消滅
85%
54 南都留郡 道志村
85%
56 南都留郡 忍野村
85%
8 東山梨郡 春日居村 1969年昇格
82%
14 東八代郡 御坂町 2004年消滅
82%
15 東八代郡 一宮町 2004年消滅
82%
16 東八代郡 八代町 2004年消滅
82%
17 東八代郡 境川村 2004年消滅
82%
22 西八代郡 三珠町 2005年消滅
82%
34 中巨摩郡 敷島町 2004年消滅
82%
35 中巨摩郡 玉穂村 1985年昇格
82%
37 中巨摩郡 田富村 1968年昇格
82%
42 中巨摩郡 櫛形町 2003年消滅
82%
53 南都留郡 秋山村 2005年消滅
82%
59 南都留郡 勝山村 2003年消滅
82%
10 東山梨郡 三富村 2005年消滅
79%
18 東八代郡 中道町 2006年消滅
79%
19 東八代郡 芦川村 2006年消滅
79%
24 西八代郡 六郷町 2005年消滅
79%
25 西八代郡 下部町 2004年消滅
79%
27 南巨摩郡 鰍沢町 2010年消滅
79%
32 南巨摩郡 富沢町 2003年消滅
79%
38 中巨摩郡 八田村 2003年消滅
79%
44 北巨摩郡 双葉町 2004年消滅
79%
45 北巨摩郡 明野村 2004年消滅
79%
9 東山梨郡 牧丘町 2005年消滅
76%
26 南巨摩郡 増穂町 2010年消滅
76%
28 南巨摩郡 中富町 2004年消滅
76%
39 中巨摩郡 白根町 2003年消滅
76%
40 中巨摩郡 芦安村 2003年消滅
76%
41 中巨摩郡 若草町 2003年消滅
76%
47 北巨摩郡 高根村 1962年昇格
76%
52 北巨摩郡 武川村 2004年消滅
76%
60 南都留郡 足和田村 2003年消滅
76%
20 東八代郡 豊富村 2006年消滅
74%
49 北巨摩郡 大泉村 2004年消滅
74%
43 中巨摩郡 甲西町 2003年消滅
71%
57 南都留郡 中野村 1965年改称
71%
No matching quizzes found
Score Distribution
Percent of People with Each Score
Percentile by Number Answered
Your Score History
You have not taken this quiz